Discursos y conferencias enjuiciando la política del presidente Trujillo (1940-1946) / (Registro nro. 27052)
[ vista simple ]
| 000 -CABECERA | |
|---|---|
| campo de control de longitud fija | 00876nam a2200217 a 4500 |
| 001 - NÚMERO DE CONTROL | |
| campo de control | 000027560 |
| 003 - IDENTIFICADOR DEL NÚMERO DE CONTROL | |
| campo de control | OSt |
| 005 - FECHA Y HORA DE LA ÚLTIMA TRANSACCIÓN | |
| campo de control | 20201118140953.0 |
| 008 - DATOS DE LONGITUD FIJA--INFORMACIÓN GENERAL | |
| campo de control de longitud fija | 110401s1946 dr r 000 0 spa d |
| 040 ## - FUENTE DE LA CATALOGACIÓN | |
| Centro catalogador/agencia de origen | DO-SdBNP |
| Lengua de catalogación | spa |
| Centro/agencia transcriptor | BNPHU |
| 082 #4 - NÚMERO DE LA CLASIFICACIÓN DECIMAL DEWEY | |
| Número de clasificación | 972.93053 |
| Número de documento/Ítem | B715d |
| Número de edición | 22 |
| 100 1# - ENTRADA PRINCIPAL--NOMBRE DE PERSONA | |
| Nombre de persona | Bonilla Atiles, Antonio |
| 9 (RLIN) | 54650 |
| 245 10 - MENCIÓN DE TÍTULO | |
| Título | Discursos y conferencias enjuiciando la política del presidente Trujillo (1940-1946) / |
| Mención de responsabilidad, etc. | Antonio Bonilla Atiles. |
| 260 ## - PUBLICACIÓN, DISTRIBUCIÓN, ETC. | |
| Lugar de publicación, distribución, etc. | Santo Domingo : |
| Nombre del editor, distribuidor, etc. | Ediciones Véritas, |
| Fecha de publicación, distribución, etc. | 1946. |
| 300 ## - DESCRIPCIÓN FÍSICA | |
| Extensión | 52 p. ; |
| Dimensiones | 24 cm. |
| 590 ## - NOTA LOCAL (RLIN) | |
| Nota local | Inventariado, 2018/LP |
| 651 #4 - PUNTO DE ACCESO ADICIONAL DE MATERIA--NOMBRE GEOGRÁFICO | |
| Nombre geográfico | República Dominicana |
| Subdivisión general | Política y Gobierno |
| -- | Historia |
| Subdivisión cronológica | Era de Trujillo, 1930-1961 |
| Subdivisión de forma | Ensayos, conferencias, etc. |
| 9 (RLIN) | 54651 |
| 651 #4 - PUNTO DE ACCESO ADICIONAL DE MATERIA--NOMBRE GEOGRÁFICO | |
| Nombre geográfico | República Dominicana |
| Subdivisión general | Historia |
| Subdivisión cronológica | Era de Trujillo, 1930-1961 |
| Subdivisión de forma | Ensayos, conferencias, etc. |
| 9 (RLIN) | 12749 |
| 910 ## - DATOS DE OPCIÓN DEL USUARIO (OCLC) | |
| Datos de opción del usuario | Validado. Control de calidad MFF |
| 942 ## - ELEMENTOS DE PUNTO DE ACCESO ADICIONAL (KOHA) | |
| Fuente del sistema de clasificación o colocación | Dewey Decimal Classification |
| Tipo de ítem Koha | Libro |
| Estado de retiro | Estado de pérdida | Fuente del sistema de clasificación o colocación | No para préstamo | Código de colección | Localización permanente | Ubicación/localización actual | Ubicación en estantería | Fecha de adquisición | Total de préstamos | Signatura topográfica completa | Código de barras | Fecha visto por última vez | Precio válido a partir de | Tipo de ítem Koha | Nota pública | Restricciones de uso | Número de inventario | Número de copia |
|---|---|---|---|---|---|---|---|---|---|---|---|---|---|---|---|---|---|---|
| Dewey Decimal Classification | Excluido de préstamo | Raros y valiosos | Biblioteca Nacional Pedro Henríquez Ureña | Patrimonio Dominicano | Depósito | 18.04.2011 | BNPHU PD-RV 972.93053 B715d | 27560-10 | 25.06.2020 | 25.06.2020 | Libro | Perteneció a la biblioteca personal de Enrique de Marchena. | ||||||
| Excluido de préstamo | Raros y valiosos | Patrimonio Dominicano | Patrimonio Dominicano | Depósito | 12.05.2011 | 972.93053 B715d | 27560-20 | 25.06.2020 | 25.06.2020 | No se presta | Perteneció a la biblioteca personal de Ernesto García Aybar. | LF1 | e.2 |
